Score 0/18 Timer 07:00
18 Plays Today
% Correct
Bretagne
84.7%
Grand Est
79.8%
Normandie
74.5%
Corse
71.4%
French Guiana
65.6%
Île-de-France
64.6%
Provence-Alpes-Côte d'Azur
64.4%
Bourgogne Franche-Comté
59.2%
Nouvelle-Aquitaine
53.2%
% Correct
Martinique
51.5%
Centre Val de Loire
51.3%
Réunion
50.2%
Hauts-de-France
49.4%
Guadeloupe
47.2%
Auvergne Rhône-Alpes
45%
Occitanie
40.8%
Pays de la Loire
39.5%
Mayotte
36.1%
Remove Ads.
Support Sporcle.
Get the best of Sporcle when you Go Orange. This ad-free experience offers more features, more stats, and more fun while also helping to support Sporcle. Thank you for becoming a member.

You're not logged in!

Compare scores with friends on all Sporcle quizzes.
OR
Log In

Show Comments

Extras

Top Quizzes Today


Score Distribution

Your Account Isn't Verified!

In order to create a playlist on Sporcle, you need to verify the email address you used during registration. Go to your Sporcle Settings to finish the process.

Report this User

Report this user for behavior that violates our Community Guidelines.

Details: